|
|
|
|
| LEADER |
00000cam a2200000 a 4500 |
| 001 |
vtls001379778 |
| 003 |
SK-MaSNL |
| 005 |
20260302071506.0 |
| 008 |
251113s1994 xr r 00000 cze |
| 020 |
|
|
|a 8085241668
|q (brož.)
|
| 035 |
|
|
|a SNK000333755
|
| 040 |
|
|
|a SNK
|b slo
|c SNK
|e AACR2
|
| 041 |
1 |
|
|a cze
|h eng
|
| 044 |
|
|
|a xr
|c CZ
|
| 080 |
|
|
|a 27-175
|2 1981
|
| 080 |
|
|
|a 93/94
|2 1981
|
| 080 |
|
|
|a 2-12
|2 1981
|
| 080 |
|
|
|a 274/279-1
|2 1981
|
| 080 |
|
|
|a (048.8)
|2 1981
|
| 100 |
1 |
|
|a Bultmann, Rudolf,
|d 1884-1976
|4 aut
|9 56452
|
| 240 |
1 |
0 |
|a History and eschatalogy
|l Česky
|
| 245 |
1 |
|
|a Dějiny a eschatologie
|c Rudolf Bultmann ; z anglického originálu History and eschatology ... s přihlédnutím k německému autorizovanému překladu Geschichte und Eschatologie přeložil Břetislav Horyna
|
| 250 |
|
|
|a 1. vyd.
|
| 260 |
|
|
|a Praha
|b ISE
|c 1994
|
| 300 |
|
|
|a 129 s.
|c 20 cm
|
| 490 |
1 |
|
|a Oikúmené
|
| 504 |
|
|
|a Obsahuje bibliografické odkazy
|
| 650 |
0 |
7 |
|a eschatológia
|2 SNKPH
|9 1933
|
| 650 |
0 |
7 |
|a evanjelická teológia
|2 SNKPH
|9 4016
|
| 655 |
|
7 |
|a štúdie
|2 SNKPH
|9 57033
|
| 700 |
1 |
|
|a Horyna, Břetislav,
|d 1959-
|4 trl
|9 90177
|
| 765 |
0 |
8 |
|i Názov nemeckého prekladu:
|t Geschichte und Eschatologie
|9 Česky
|
| 830 |
|
0 |
|a Oikúmené
|9 317274
|
| 852 |
|
|
|a Slovenská národná knižnica
|
| 919 |
|
|
|a 80-85241-66-8
|
| 958 |
|
|
|a SV
|
| 999 |
|
|
|c 1152313
|d 1154243
|
| 952 |
|
|
|t P60, <04>, [BOOK], {604}
|a SNK
|b SNK
|y VYP
|7 0
|p 17A0222710
|o snkID 96577
|i snkK 1371/99
|0 0
|1 0
|4 0
|d 2000-07-10
|l 0
|r 2005-01-02 00:00:00
|w 2026-02-24
|